MARC details
| 000 -CABECERA |
| campo de control de longitud fija |
02505cam a2200397 i 4500 |
| 001 - NÚMERO DE CONTROL |
| campo de control |
991061729799706706 |
| 003 - IDENTIFICADOR DEL NÚMERO DE CONTROL |
| campo de control |
ES-BaIT |
| 005 - FECHA Y HORA DE LA ÚLTIMA TRANSACCIÓN |
| campo de control |
20260302100556.0 |
| 008 - DATOS DE LONGITUD FIJA--INFORMACIÓN GENERAL |
| campo de control de longitud fija |
260302e20262026fr g 000 d fre c |
| 020 ## - NÚMERO INTERNACIONAL ESTÁNDAR DEL LIBRO |
| Número Internacional Estándar del Libro |
9782749817064 |
| Información calificativa |
(rústica) |
| 020 ## - NÚMERO INTERNACIONAL ESTÁNDAR DEL LIBRO |
| Número Internacional Estándar del Libro |
2749817064 |
| Información calificativa |
(rústica) |
| 035 ## - NÚMERO DE CONTROL DEL SISTEMA |
| Número de control de sistema |
(OCoLC)1572365329 |
| 035 ## - NÚMERO DE CONTROL DEL SISTEMA |
| Número de control de sistema |
(OCoLC)on1572365329 |
| 040 ## - FUENTE DE LA CATALOGACIÓN |
| Centro catalogador/agencia de origen |
ES-BaIT |
| Lengua de catalogación |
cat |
| Normas de descripción |
rda |
| Centro/agencia transcriptor |
ES-BaIT |
| 080 ## - NÚMERO DE LA CLASIFICACIÓN DECIMAL UNIVERSAL |
| Número de la Clasificación Decimal Universal |
840-2"20" |
| 100 1# - ENTRADA PRINCIPAL--NOMBRE DE PERSONA |
| Nombre de persona |
Lamballais, Barbara |
| Término indicativo de función/relación |
autor |
| 9 (RLIN) |
168763 |
| 245 13 - MENCIÓN DE TÍTULO |
| Título |
Le Procès d'une vie : |
| Resto del título |
Gisèle, Marie-Claire, Michèle... et les autres / |
| Mención de responsabilidad, etc. |
Barbara Lamballais et Karina Testa |
| 264 #1 - PRODUCCIÓN, PUBLICACIÓN, DISTRIBUCIÓN, FABRICACIÓN Y COPYRIGHT |
| Producción, publicación, distribución, fabricación y copyright |
Paris : |
| Nombre del de productor, editor, distribuidor, fabricante |
L'avant-scène théâtre, |
| Fecha de producción, publicación, distribución, fabricación o copyright |
janvier 2026 |
| 300 ## - DESCRIPCIÓN FÍSICA |
| Extensión |
77 pàgines ; |
| Dimensiones |
21 cm. |
| 336 ## - TIPO DE CONTENIDO |
| Término de tipo de contenido |
text |
| Código de tipo de contenido |
txt |
| Fuente |
rdacontent |
| 337 ## - TIPO DE MEDIO |
| Nombre/término del tipo de medio |
sense mediació |
| Código del tipo de medio |
n |
| Fuente |
rdamedia |
| 338 ## - TIPO DE SOPORTE |
| Nombre/término del tipo de soporte |
volum |
| Código del tipo de soporte |
nc |
| Fuente |
rdacarrier |
| 490 1# - MENCIÓN DE SERIE |
| Mención de serie |
L' Avant-scène théâtre ; |
| Designación de volumen o secuencia |
no 1586 |
| 500 ## - NOTA GENERAL |
| Nota general |
P24: D17, H17 en P7: D6, H1 |
| 500 ## - NOTA GENERAL |
| Nota general |
Publicat com no 1586 (janvier 2026) de la revista L'Avant-scène théâtre |
| 500 ## - NOTA GENERAL |
| Nota general |
Théâtre des Gémeaux (Avignon) el 5 de juliol de 2025 |
| 520 ## - SUMARIO, ETC. |
| Sumario, etc. |
"1971, Michèle, Lucette, Renée et Micheline...Toutes viennent du même milieu modeste, certaines sont amies, d'autres ne se connaissent pas encore. Elles n'ont pas les mêmes tempéraments, pas les mêmes croyances, ni les mêmes façons de tenir debout. Mais elles partagent cette même humanité : une volonté féroce d'arracher Marie-Claire, 16 ans et enceinte, au destin que la société veut lui imposer. Ensemble, elles inventent une solidarité clandestine, bravent la loi et aident la jeune fille à avorter. Le jour où elles se retrouvent toutes inculpées, une autre femme entre en scène : maître Gisèle Halimi, bien décidée à transformer leur histoire en un combat collectif qui deviendra le procès d'une vie. Comme un prolongement du geste de Gisèle Halimi et de l'association "Choisir la cause des femmes", Barbara Lamballais et Karina Testa s'inspirent librement de sa vie et du Procès de Bobigny pour retracer comment, de la solidarité et de la détermination collective, peuvent naître les plus grandes victoires." -- Pàgina 4 |
| 650 #0 - PUNTO DE ACCESO ADICIONAL DE MATERIA--TÉRMINO DE MATERIA |
| Término de materia o nombre geográfico como elemento de entrada |
Litigis |
| Subdivisión cronológica |
S. XX |
| Subdivisión de forma |
Textos dramàtics |
| 9 (RLIN) |
168764 |
| 650 #0 - PUNTO DE ACCESO ADICIONAL DE MATERIA--TÉRMINO DE MATERIA |
| Término de materia o nombre geográfico como elemento de entrada |
Embaràs |
| Subdivisión cronológica |
S. XX |
| Subdivisión de forma |
Textos dramàtics |
| 9 (RLIN) |
168765 |
| 650 #0 - PUNTO DE ACCESO ADICIONAL DE MATERIA--TÉRMINO DE MATERIA |
| Término de materia o nombre geográfico como elemento de entrada |
Avortament |
| Subdivisión cronológica |
S. XX |
| Subdivisión de forma |
Textos dramàtics |
| 9 (RLIN) |
168766 |
| 700 1# - ENTRADA AGREGADA--NOMBRE PERSONAL |
| Nombre de persona |
Testa, Karina, |
| Fechas asociadas al nombre |
1981- |
| Término indicativo de función/relación |
autor |
| 9 (RLIN) |
168767 |
| 830 ## - PUNTO DE ACCESO ADICIONAL DE SERIE-TÍTULO UNIFORME |
| Título uniforme |
Avant-scène. |
| Nombre de parte o sección de la obra |
Théâtre |
| Designación de volumen o secuencia |
no 1586 |
| 9 (RLIN) |
168170 |
| 908 ## - COLOCAR PARÁMETRO DE COMANDO (RLIN) |
| Colocar parámetro de comando |
CDMAE |
| 940 ## - EQUIVALENCIA O REFERENCIA-CRUZADA--TÍTULO UNIFORME [OBSOLETO] [solamente CAN/MARC] |
| Título uniforme |
<a href="OCLC">OCLC</a> |
| 942 ## - ELEMENTOS DE ENTRADA AGREGADA (KOHA) |
| Fuente del sistema de clasificación o colocación |
Clasificación decimal universal |
| Tipo de ítem Koha |
Llibre |